Quizzes
Events
Quiz Creation
Community
Videos
Private Events
Remove Ads
Sign In
Join for FREE
Feedback
Dark Mode
Quiz Categories
Sports
Geography
Music
Movies
Television
Just For Fun
Miscellaneous
History
Literature
Language
Science
Gaming
Entertainment
Religion
Holiday
For Kids
Quiz Lab
Recent
Popular Today
Quiz Kudos Today
Editor Picks
Curator Picks
Quizzes by...
Day
Popularity
Type
Ratings
Length
Year
Community
Subscriptions
Recent Discussions
Orange Saloon
Badges
Playlists
Quests
Create
Leaderboards
Showdown
Live 5
Trivia Bingo
Activity
Puzzle Library
Sporcle Events
Private Events
Virtual Trivia
Globe League
Become a Host
Pub Owners
SporcleCon
Opinionation
Our Games
Videos
Blog
Mobile Apps
Partnerships
Remove Ads and Go Orange
Feedback
History
US Presidents
World Leaders
Politics
Nation
Discovery
War
Decade
Year
Century
Biography
Art
History
US Presidents
World Leaders
Politics
Nation
Discovery
War
Decade
Year
Century
Biography
Art
Random Quiz
Search Sporcle
×
Quiz Lab
Quiz Lab
History
significant
Type in answers that appear in a list
Type in answers that appear in a list
Classic
Best Score? Go Orange.
Decades by their Significant events Stats
Can you name the Significant Events by Decade?
By
joshmck332
2m
24 Questions
120 Plays
120 Plays
120 Plays
Comments
Comments
Give Quiz Kudos
Give Quiz Kudos
-
- Ratings
hide this ad
Forced Order
Answers have to be entered in order
Answers have to be entered in order
Random Order
Randomize order of answers
Randomize order of answers
Replay
Link that replays current quiz
Next Quiz
Link to next quiz in quiz playlist
You Got
0%
They Got
Avg Score
86%
Avg Friend Score
Upgrade to see
Score Distribution
Jump to the score distribution portion of the page
Score
0/24
Timer
02:00
0
Plays Today
Event
Decade (*0)
% Correct
Sinking of the Titanic
10
90.8%
Pearl Harbor attacked
40
90.8%
WWI
10
90%
Stock Market crash of 19**
20
90%
Anne Frank goes into hiding
40
90%
Hiroshima and Nagasaki Bombed
40
90%
Beatles gain popularity in US
60
90%
Death of Princess Diana
90
89.2%
The Great Depression
30
88.3%
Columbine massacre
90
87.5%
Saddam Hussein hanged
00
87.5%
MLK Jr assassination
60
86.7%
Event
Decade (*0)
% Correct
September 11th attacks
00
86.7%
Discovery of Penicillin
20
85.8%
Prohibition
20
85.8%
Castro become dictator of Cuba
50
85.8%
Segregation ruled illegal in US
50
85%
Berlin wall falls
80
85%
Reagan assassination attempt
80
85%
Charles Manson and his 'family' kill
60
82.5%
First test tube baby born
70
82.5%
Empire State Building opens
30
81.7%
Plane crashes in Hudson, all passengers survive
00
75.8%
Jonestown Massacre
70
74.2%
Quiz Playlist
Details
Report
Send in Message
Add To Playlist
Classic:
Type in answers that appear in a list
Forced Order:
Answers have to be entered in order
Random Order:
Randomize order of answers
Last Updated: Feb 16, 2017
Quiz Scoreboard
CHALLENGE
Sign Up to Join the Scoreboard
Show All
Scores
Hide
Comments
May contain spoilers
Recently Published
NBA Finals Game Top Scorers (2010s)
by flibbidy
Sports
5m
Guess the 'R' Things in 3 Words
by MSUKent
Miscellaneous
3m
Actor to Badly Drawn Movie III
by MoMosMoProblems
Movies
5m
More to Explore
Quiz From the Vault
Featured Blog Post
Where Does Lost Luggage Go?
hide this ad
You Might Also Like...
Tags
1980s
2000s
Historical Characters
Historical Event
Historical Figures
significant
Significant Other
Today's Top Quizzes in History
Browse History
hide this ad
Today's Top Quizzes in significant
Browse significant
Top Contributed Quizzes in History
1
Nickname Match: US Presidents
2
I Am Born On March 18th
3
Nickname Match: World Leaders II
4
Nickname Match: US Presidents II
5
Famous People on Time Magazine Covers III (Slideshow)
6
10 to 1: Generals by War
7
27 Amendments
8
Order the British Succession
9
New Deal Alphabet Soup
10
Constitutional Quiz
Explore More
Trending Topics
Harry Potter
Crossword
Kpop
Anime
Disney
NBA
Marvel
Soccer
The Office
Puzzle
Pokémon
Song
Country
WWE
NFL
hide this ad
More By:
joshmck332
Quiz
Plays
Rating
Category
Featured
Created
iPhone Models
123
3.50
Just For Fun
Feb 3, 2012
Decades by their Significant events
120
3.33
History
Feb 3, 2012
Letters by Number
10
2.00
Just For Fun
Feb 3, 2012
Spelling with Numbers
7
3.00
Just For Fun
Feb 3, 2012
Go to Creator's Profile
Score Distribution
Quiz Creator Spotlight
joshmck332
Follow
Send a Message
Quizzes Created
-
Created Quiz Play Count
-
More By This Creator
Popular Quizzes Today
1
Find the US States - No Outlines Minefield
2
Find the US States
3
The Countries of the World
4
10 Largest US States in Order
5
Find the Countries of Europe - No Outlines Minefield
6
US States
7
Guess the 'R' Things in 3 Words
8
NBA Finals Game Top Scorers (2010s)
More History Quizzes
US History Grab Bag IV
Published
Trending Quizzes
First Name TV: Leading Men
Match the Book to the Film II
First Name TV: Leading Women Drama
Pick A Pair: Religious TV
Match the Book to the Film VI
Recently Updated
Women's Final Four Teams by Year
bhenderson79
Presidents Quartet II
eogle
Anything But Clue(do)
eogle
Anything But Oceanian Capitals
eogle
Anything But 7
eogle
Anything But Thing
eogle
Word Ladder: February 29
pecheneg
Song Title Questions
pecheneg
Women's NCAA Tournament #1 Seeds
pecheneg
Celebrity Mug Shots
pecheneg
Trending Topics
Disney
Anime
Marvel
Kpop
Harry Potter
Crossword
NBA
Song
NFL
The Office
Puzzle
Soccer
WWE
Country
Pokémon
Your Account Isn't Verified!
In order to create a playlist on Sporcle, you need to verify the email address you used during registration. Go to your
Sporcle Settings
to finish the process.
Report this User
Report this user for behavior that violates our
Community Guidelines
.
Details:
Send Report
Go to the Sporcle.com Mobile Site →
Comments